El testimonio penal y sus errores : (Registro nro. 49992)

Detalles MARC
000 -LEADER
fixed length control field 01109nam a2200301 4500
001 - CONTROL NUMBER
control field 0000022184
003 - CONTROL NUMBER IDENTIFIER
control field CO-CtgCURN
005 - DATE AND TIME OF LATEST TRANSACTION
control field 20250828213537.0
008 - FIXED-LENGTH DATA ELEMENTS--GENERAL INFORMATION
fixed length control field 160627s2005 000 0 eng d
020 ## - INTERNATIONAL STANDARD BOOK NUMBER
International Standard Book Number 9583505447
040 ## - CATALOGING SOURCE
Original cataloging agency CO-CtgCURN
Language of cataloging spa
Transcribing agency coctgcurn
082 0# - DEWEY DECIMAL CLASSIFICATION NUMBER
Classification number 345.2
Item number R63t
100 1# - MAIN ENTRY--PERSONAL NAME
Personal name Rodríguez Choconta, Orlando Alfonso.
245 10 - TITLE STATEMENT
Title El testimonio penal y sus errores :
Remainder of title su practica en el juicio oral y publico.
250 ## - EDITION STATEMENT
Edition statement 2a ed.
260 ## - PUBLICATION, DISTRIBUTION, ETC.
Place of publication, distribution, etc. Bogotá :
Name of publisher, distributor, etc. Temis,
Date of publication, distribution, etc. 2005.
300 ## - PHYSICAL DESCRIPTION
Extent 324 p.
336 ## - CONTENT TYPE
Source rdacontent
337 ## - MEDIA TYPE
Source rdamedia
Media type term sin mediacion
Media type code n
338 ## - CARRIER TYPE
Source rdacarrier
Carrier type term volumen
Carrier type code nc
500 ## - GENERAL NOTE
General note Incluye indice.
504 ## - BIBLIOGRAPHY, ETC. NOTE
Bibliography, etc. note Bibliografia (p. 319-322)
505 8# - FORMATTED CONTENTS NOTE
Formatted contents note El testimonio.--Principios del testimonio.--Declaracion jurada.--Interrogatorio.--Contrainterrogatorio.--Credibilidad.--El testigo.--El testigo y la atencion.--El testimonio de la victima.--Testimonio del menor
650 #0 - SUBJECT ADDED ENTRY--TOPICAL TERM
Topical term or geographic name entry element Evidencia (Derecho)
908 ## - PUT COMMAND PARAMETER (RLIN)
Put command parameter 160627
942 ## - ADDED ENTRY ELEMENTS (KOHA)
Koha item type Libros
Classification part 345.2
Item part R63t
Source of classification or shelving scheme Dewey Decimal Classification
999 ## - SYSTEM CONTROL NUMBERS (KOHA)
-- 1

No hay ítems disponibles.